Ricostruisci la Carriera del Calciatore - Stefan Savić - Statistics

Statistiche generali
  • Questo quiz è stato fatto 3 volte
  • Il punteggio medio è 3 su 5
Statistiche sulle risposte
Hint Risposta % Corretto
2012-2015 Fiorentina
100%
2015- Atlético Madrid
67%
2008-2010 BSK Borča
67%
2011-2012 Manchester City
33%
2010-2011 Partizan
33%
Nessun quiz corrispondente trovato
Distribuzione punteggi
Percentuale di utenti per punteggio
Percentile per numero di risposta
I tuoi punteggi nel tempo
Non hai fatto questo quiz